Taking off : Beginning english
Taking Off is a four-skills, standards-based program for low-beginning adult ESL students. Picture dictionary art pages teach life skills vocabulary in a clear and visual way. The gradual pace of the course instills confidence in students as they establish a solid foundation in the basics of English...
保存先:
| 第一著者: | |
|---|---|
| フォーマット: | 図書 |
| 言語: | Undetermined |
| 出版事項: |
New York
McGraw-Hill
2003
|
| 主題: | |
| タグ: |
タグ追加
タグなし, このレコードへの初めてのタグを付けませんか!
|
| Thư viện lưu trữ: | Trung tâm Học liệu Trường Đại học Cần Thơ |
|---|
| LEADER | 00964nam a2200217Ia 4500 | ||
|---|---|---|---|
| 001 | CTU_186975 | ||
| 008 | 210402s9999 xx 000 0 und d | ||
| 082 | |a 428.24 | ||
| 082 | |b F413 | ||
| 100 | |a Fesler, Susan Hancock | ||
| 245 | 0 | |a Taking off : | |
| 245 | 0 | |b Beginning english | |
| 245 | 0 | |c Susan Hancock Fesler, Christy M. Newman | |
| 260 | |a New York | ||
| 260 | |b McGraw-Hill | ||
| 260 | |c 2003 | ||
| 520 | |a Taking Off is a four-skills, standards-based program for low-beginning adult ESL students. Picture dictionary art pages teach life skills vocabulary in a clear and visual way. The gradual pace of the course instills confidence in students as they establish a solid foundation in the basics of English. | ||
| 650 | |a English language,Tiếng Anh | ||
| 650 | |x Textbooks for foreign speakers,Sách giáo khoa cho người nói tiếng nước ngoài | ||
| 910 | |a Hải | ||
| 980 | |a Trung tâm Học liệu Trường Đại học Cần Thơ | ||